20 città più grandi d'Europa - Statistics

Statistiche generali
  • Questo quiz è stato fatto 397 volte
  • Il punteggio medio è 18 su 20
Statistiche sulle risposte
Paesi Popolazione Citta % Corretto
Germania 3,8 milioni Berlino
100%
Regno Unito 9,1 milioni Londra
100%
Spagna 3,2 milioni Madrid
99%
Russia 12,6 milioni Mosca
99%
Italia 2,8 milioni Roma
99%
Spagna 1,6 milioni Barcellona
98%
Ucraina 3 milioni Kiev
98%
Italia 1,4 milioni Milano
98%
Francia 2,1 milioni Parigi
98%
Austria 1,9 milioni Vienna
97%
Ungheria 1,8 milioni Budapest
95%
Turchia 15,5 milioni Istanbul
95%
Romania 2,1 milioni Bucarest
94%
Repubblica Ceca 1,3 milioni Praga
94%
Russia 5,4 milioni San Pietroburgo
93%
Polonia 1,8 milioni Varsavia
91%
Bielorussia 2 milioni Minsk
89%
Germania 1,5 milioni Monaco
86%
Germania 1,9 milioni Amburgo
70%
Ucraina 1,5 milioni Charkiv
30%
Nessun quiz corrispondente trovato
Distribuzione punteggi
Percentuale di utenti per punteggio
Percentile per numero di risposta
I tuoi punteggi nel tempo
Non hai fatto questo quiz